| 000 | 00707nam a2200289Ia 4500 | ||
|---|---|---|---|
| 005 | 20260324133442.0 | ||
| 008 | 008 260324s9999 xx 000 0 eng d | ||
| 020 | _a9780203994795 | ||
| 037 | _aEBOOK | ||
| 040 | _aCRL | ||
| 040 | _beng | ||
| 040 | _cCRL | ||
| 041 | _2eng | ||
| 041 | _aeng | ||
| 084 | _qCRL | ||
| 100 |
_aLorna Earl; Dean Fink; Louise Stoll _91193152 |
||
| 245 | 0 | _aIt's About Learning (and It's About Time) | |
| 245 | 0 | _bWhat's in it for Schools? | |
| 260 | _bTaylor and Francis | ||
| 260 | _c2003 | ||
| 365 | _a | ||
| 365 | _b145 | ||
| 856 | _uhttp://www.taylorfrancis.com/books/9780203994795 | ||
| 942 | _cEBOOK | ||
| 999 |
_c1792190 _d1792190 |
||